|
|
|
|
| LEADER |
01184nam a2200277 a 4500 |
| 001 |
2488402 |
| 005 |
20010711105651.0 |
| 008 |
090531s1992 maua b 001 0 eng d |
| 010 |
|
|
|a 91036491
|
| 020 |
|
|
|a 0201526247
|
| 040 |
|
|
|a DLC
|c DLC
|d DLC
|
| 082 |
0 |
0 |
|a 530.1/41
|2 20
|
| 100 |
1 |
|
|a Reitz, John R.
|
| 245 |
1 |
0 |
|a Foundations of electromagnetic theory /
|c John R. Reitz, Frederic J. Milford, Robert W. Christy.
|
| 250 |
|
|
|a 4th ed.
|
| 260 |
|
|
|a Reading, Mass. :
|b Addison-Wesley Pub. Co.,
|c c1993.
|
| 300 |
|
|
|a ix, 630 p. :
|b ill. ;
|c 25 cm.
|
| 504 |
|
|
|a Includes bibliographical references (p. 592-593) and index.
|
| 541 |
1 |
|
|e 00015063
|
| 650 |
|
0 |
|a Electromagnetic theory.
|
| 700 |
1 |
|
|a Milford, Frederick J.
|
| 700 |
1 |
|
|a Christy, Robert W.
|
| 852 |
4 |
|
|a Ayesha Abed Library
|j General Shelf.
|
| 999 |
|
|
|c 1063
|d 1063
|
| 952 |
|
|
|0 0
|1 0
|2 ddc
|4 0
|6 530_141000000000000_REI_1993
|7 0
|9 962
|a BRACUL
|b BRACUL
|c GEN
|d 2009-06-24
|g 154.00
|l 8
|m 39
|o 530.141 REI
|p 3010015064
|r 2025-03-23
|s 2025-03-16
|t 1
|v 308.00
|w 2009-06-24
|y BK
|
| 952 |
|
|
|0 0
|1 0
|2 ddc
|4 0
|6 530_141000000000000_REI_2003
|7 0
|9 17898
|a BRACUL
|b BRACUL
|c GEN
|d 2011-08-23
|l 4
|m 28
|o 530.141 REI
|p 3010015063
|r 2025-10-10
|s 2025-08-19
|t 2
|w 2011-08-23
|y BK
|